000 00597nam a2200181Ia 4500
008 151018s9999 xx 000 0 und d
082 _bRBASDV32926
_a4
100 _aसंतोष गोयल
245 _aकंप्युटर :एक परिचय
250 _b1
260 _bबी आर पी पब्लि
_c1999
300 _a135
600 _aसंतोष गोयल
630 _aकंप्युटर :एक परिचय
700 _aसंतोष गोयल
730 _aकंप्युटर :एक परिचय
942 _cBOOK
999 _c1032446
_d1032443